| 000 | 00907nam a2200253Ia 4500 | ||
|---|---|---|---|
| 001 | 56070 | ||
| 003 | 127041 | ||
| 005 | 20260211121712.0 | ||
| 008 | ||||||n9999 ||| || || | ||
| 041 | _aspa | ||
| 100 |
_aPerez Camacho, Jaime _977447 |
||
| 245 | 0 | _aParticipacion del impuesto a loterias y juegos de azar en el financiamiento del sector salud en el departamento del Caqueta 1990-1997 | |
| 260 |
_aBogotá : _bEscuela Superior de Administración Pública - ESAP, _c1998. |
||
| 300 | _a63h | ||
| 562 | _e1 | ||
| 650 | 0 |
_aAnálisis sectorial _9582 |
|
| 650 | 0 |
_aCAQUETA (COLOMBIA) _932912 |
|
| 650 | 0 |
_aDesarrollo humano _98208 |
|
| 650 |
_aESPECIALIZACIÓN EN GESTIÓN PÚBLICA--TESIS Y DISERTACIONES ACADÉMICAS _911969 |
||
| 650 |
_aINGRESOS TRIBUTARIOS _98085 |
||
| 650 |
_aPROGRAMA DE FINANCIAMIENTO _y1998 _977448 |
||
| 650 | 0 |
_aTesis y disertaciones académicas _93 |
|
| 942 | _cTESIS | ||
| 999 |
_c56070 _d56070 |
||